Diseño e implementación y validación de una biblioteca en paralelo híbrida CPU/GPU de algoritmos de reconocimiento de patrones para el clúster TARÁ del PRIS-Lab
Salvato in:
| Autore principale: | |
|---|---|
| Altri autori: | |
| Natura: | Libro |
| Lingua: | Spanish |
| Pubblicazione: |
[San José ], Costa Rica
2016
|
| Soggetti: | |
| Tags: |
Aggiungi Tag
Nessun Tag, puoi essere il primo ad aggiungerne!!
|
MARC
| LEADER | 00000nam a22000007a 4500 | ||
|---|---|---|---|
| 003 | 012681 | ||
| 005 | 20230920075848.0 | ||
| 008 | 170928b2016 cr a|||| m||| 00| ||spa d | ||
| 040 | |c cru CEDI | ||
| 090 | |a TFG 7832 | ||
| 100 | |9 1558 |a Villalta Fallas, Marco, 1981- | ||
| 245 | |a Diseño e implementación y validación de una biblioteca en paralelo híbrida CPU/GPU de algoritmos de reconocimiento de patrones para el clúster TARÁ del PRIS-Lab | ||
| 260 | |b [San José ], Costa Rica |c 2016 | ||
| 300 | |a xiii, 78 hojas ; ilustraciones a color | ||
| 500 | |a Tesis (licenciatura en ingeniería eléctrica)--Universidad de Costa Rica. Facultad de Ingeniería. Escuela de Ingeniería Eléctrica | ||
| 501 | |a Director de Tesis de Graduación: Dr. rer. nat. Francisco Siles Canales | ||
| 650 | |x |x |x ALGORITMOS |x PROGRAMACION (MATEMATICAS) |x ANALISIS CLUSTER |x ALGORITMOS (COMPUTADORAS) |9 9967 | ||
| 700 | |9 1559 |a Siles Canales, Francisco 1980- |d Director del TFG | ||
| 942 | |c CEDI | ||
| 999 | |c 19035 |d 19035 | ||
